[Event "Douglas Major & Minor op"]
[Site "Douglas"]
[Date "2023.11.03"]
[Round "7"]
[White "Coe, Lawrence"]
[Black "Watkinson, Colin"]
[Result "1-0"]
[WhiteElo "1805"]
[BlackElo "1547"]
[PlyCount "76"]
[EventDate "2023.10.28"]
[EventType "swiss"]
[EventRounds "7"]
[EventCountry "IOM"]
[SourceTitle "CB46_2023"]
[SourceDate "2023.11.15"]
[SourceVersion "1"]
[SourceVersionDate "2023.11.15"]
[SourceQuality "1"]

1. c4 e5 2. Nc3 Bb4 3. Nd5 Ba5 4. b4 c6 5. bxa5 cxd5 6. e3 Qxa5 7. Qb3 Qb6 8. cxd5 Nf6 9. Qc3 d6 10. Qxc8+ Qd8 11. Bb5+ Nbd7 12. Qxb7 0-0 13. Bc6 Rb8 14. Qa6 Nc5 15. Qa3 e4 16. Ne2 Nd3+ 17. Kf1 Ng4 18. Nf4 Ndxf2 19. Qc3 Nxh1 20. Bb2 Rxb2 21. Qxb2 Qh4 22. Ke2 Nhf2 23. Qd4 Ne5 24. Rf1 Qg4+ 25. Kxf2 Qh4+ 26. Kg1 Ng4 27. h3 Ne5 28. Kh2 Rb8 29. Qxa7 Rf8 30. Qc7 g5 31. Ne2 Qh5 32. Ng3 Qh4 33. Qxd6 Nc4 34. Qf6 Nxd2 35. Rf4 gxf4 36. Qxh4 f3 37. Qg5+ Kh8 38. Qh6 Rg8 1-0

[Event "Douglas Major & Minor op"]
[Site "Douglas"]
[Date "2023.11.02"]
[Round "6"]
[White "Allen, Keith"]
[Black "Coe, Lawrence"]
[Result "1-0"]
[WhiteElo "2128"]
[BlackElo "1805"]
[PlyCount "111"]
[EventDate "2023.10.28"]
[EventType "swiss"]
[EventRounds "7"]
[EventCountry "IOM"]
[SourceTitle "CB46_2023"]
[SourceDate "2023.11.15"]
[SourceVersion "1"]
[SourceVersionDate "2023.11.15"]
[SourceQuality "1"]

1. e4 c6 2. d4 d5 3. e5 c5 4. dxc5 Nc6 5. Nf3 Bg4 6. Bf4 e6 7. Bb5 Bxc5 8. 0-0 Nge7 9. h3 Bxf3 10. Qxf3 0-0 11. Bd3 Nb4 12. Nd2 Nxd3 13. Qxd3 Ng6 14. Bg3 Rc8 15. c3 Qg5 16. Rae1 Bb6 17. Kh1 Rfd8 18. Re2 h6 19. a3 Ne7 20. Rd1 Qf5 21. Nf3 Qxd3 22. Rxd3 Nf5 23. Nd2 Rc6 24. Bh2 Rcc8 25. g4 Ne7 26. h4 g6 27. f3 Kh7 28. Bg1 Bxg1 29. Kxg1 h5 30. Kf2 Rh8 31. Kg3 hxg4 32. fxg4 Kg7 33. Nf3 Nc6 34. Ng5 Rc7 35. Nf3 Rcc8 36. Kf4 Ne7 37. Kg3 Nc6 38. b4 b5 39. Kf4 Rc7 40. a4 a6 41. Ra2 Rhc8 42. Ra3 Na7 43. Nd4 bxa4 44. Rxa4 Nb5 45. Rxa6 Nxd4 46. cxd4 Rb8 47. Rb3 Rc4 48. b5 Rxd4+ 49. Kf3 Rc4 50. b6 Rc6 51. Kf4 Rc4+ 52. Kg5 Re4 53. b7 Rxe5+ 54. Kf4 Re4+ 55. Kf3 Rc4 56. Ra8 1-0

[Event "Douglas Major & Minor op"]
[Site "Douglas"]
[Date "2023.11.01"]
[Round "5"]
[White "Coe, Lawrence"]
[Black "Landenberger, Anja Kathrin"]
[Result "1-0"]
[WhiteElo "1805"]
[BlackElo "1732"]
[PlyCount "45"]
[EventDate "2023.10.28"]
[EventType "swiss"]
[EventRounds "7"]
[EventCountry "IOM"]
[SourceTitle "CB46_2023"]
[SourceDate "2023.11.15"]
[SourceVersion "1"]
[SourceVersionDate "2023.11.15"]
[SourceQuality "1"]

1. c4 Nf6 2. Nc3 c6 3. d4 d5 4. Nf3 e6 5. c5 Nbd7 6. Bg5 Be7 7. e3 0-0 8. Bd3 b6 9. b4 h6 10. Bf4 a5 11. a3 Ba6 12. b5 cxb5 13. c6 Qc8 14. Nxb5 Nb8 15. c7 Nbd7 16. Qc2 Nh5 17. Nd6 Bxd6 18. Bxd6 Re8 19. Rc1 Nhf6 20. h3 b5 21. 0-0 Nb6 22. Ne5 Nfd7 23. Bh7+ 1-0